000 00477nam a22002057a 4500
001 21554
005 20260314101735.0
008 260314b |||||||| |||| 00| 0 spa d
041 _aESP
082 _a611.8
_bA33
100 _aAfifi, Adel. K.
245 _aNeuroanatomĂ­a funcional :
_btexto y atlas
260 _a :
_b ,
_c2006
300 _a494 páginas :
_b ;
_c27 cm.
440 _a ;
650 _aGEN
654 _aCPS
700 _a;
942 _cLIB
_dJUS
_fJUS
_2ddc
999 _c21554
_d21554